Landscapes at risk? The future for areas of outstanding natural beauty. (Record no. 101458)

MARC details
000 -LEADER
fixed length control field 00820cam a2200241 4500
008 - FIXED-LENGTH DATA ELEMENTS--GENERAL INFORMATION
fixed length control field 000000n2001 000 0 eng u
020 ## - INTERNATIONAL STANDARD BOOK NUMBER
International Standard Book Number 0419246304
035 ## - SYSTEM CONTROL NUMBER
System control number (Sirsi) u112640
050 ## - LIBRARY OF CONGRESS CALL NUMBER
Classification number 333.78
100 ## - MAIN ENTRY--PERSONAL NAME
Personal name Holdaway, Edward
245 ## - TITLE STATEMENT
Title Landscapes at risk? The future for areas of outstanding natural beauty.
260 ## - PUBLICATION, DISTRIBUTION, ETC.
Place of publication, distribution, etc. London
Name of publisher, distributor, etc. Spon Press
Date of publication, distribution, etc. 2001
300 ## - PHYSICAL DESCRIPTION
Extent 242p. : ill. ; 25cm.
350 ## - PRICE (NR) (BK AM CF MU VM SE) [OBSOLETE]
Price 39.99
520 ## - SUMMARY, ETC.
Summary, etc. Covers the history and development of AONBs before examining the policies and practices needed for their long-term well-being. Includes case studies.
650 ## - SUBJECT ADDED ENTRY--TOPICAL TERM
Topical term or geographic name entry element LANDSCAPE CONSERVATION
650 ## - SUBJECT ADDED ENTRY--TOPICAL TERM
Topical term or geographic name entry element LAND MANAGEMENT
650 ## - SUBJECT ADDED ENTRY--TOPICAL TERM
Topical term or geographic name entry element AREAS OF OUTSTANDING NATURAL BEAUTY
650 ## - SUBJECT ADDED ENTRY--TOPICAL TERM
Topical term or geographic name entry element RURAL AREAS
690 ## - LOCAL SUBJECT ADDED ENTRY--TOPICAL TERM (OCLC, RLIN)
Topical term or geographic name as entry element RURAL-NATURE CONSERVATION
700 ## - ADDED ENTRY--PERSONAL NAME
Personal name Smart, Gerald
942 ## - ADDED ENTRY ELEMENTS (KOHA)
Suppress in OPAC 0
Holdings
Withdrawn status Lost status Source of classification or shelving scheme Damaged status Not for loan Home library Current library Shelving location Date acquired Cost, normal purchase price Total Checkouts Full call number Barcode Date last seen Date last checked out Copy number Cost, replacement price Price effective from Koha item type
    Dewey Decimal Classification     London London Books 21/06/2001 39.99 3 333.78 HOL 30064506 06/08/2019 21/01/2002 1 39.99 06/08/2019 Book